History Quiz

Random History Quiz
Score 0/20 Timer 07:00
0 Plays Today
Acronym Agency % Correct
CIACentral Intelligence Agency
98.3%
FBIFederal Bureau of Investigation
77.8%
NSANational Security Agency
73.3%
DHSDepartment of Homeland Security
47.7%
DIADefense Intelligence Agency
38.6%
DOEDepartment of Energy
36.9%
DEADrug Enforcement Administration
29%
NSCNational Security Council
26.7%
NRONational Reconnaissance Office
19.3%
OSSOffice of Strategic Services
19.3%
Acronym Agency % Correct
DIDirectorate of Intelligence
17.6%
NCSNational Clandestine Service
16.5%
NCTCNational Counterterrorism Center
15.9%
NGANational Geospatial-Intelligence Agency
13.6%
NICNational Intelligence Council
10.8%
DS&TDirectorate of Science and Technology
10.2%
INRBureau of Intelligence and Research
7.4%
DSDirectorate of Support
6.3%
CIGCentral Intelligence Group
6.3%
DHDefense human intelligence
1.7%
Remove Ads.
Support Sporcle.
Get the best of Sporcle when you Go Orange. This ad-free experience offers more features, more stats, and more fun while also helping to support Sporcle. Thank you for becoming a member.

You're not logged in!

Compare scores with friends on all Sporcle quizzes.
OR
Log In

Show Comments

Extras

Top Quizzes Today


Score Distribution

Your Account Isn't Verified!

In order to create a playlist on Sporcle, you need to verify the email address you used during registration. Go to your Sporcle Settings to finish the process.

Report this User

Report this user for behavior that violates our Community Guidelines.

Details: